| 000 | 00562nam a2200217 a 4500 | ||
|---|---|---|---|
| 003 | MX-MxUPN | ||
| 005 | 20220216091811.0 | ||
| 008 | 991125s1988 mx 000 0 spa u | ||
| 020 | _a9681401387 | ||
| 035 | _aUPN01000031283 | ||
| 040 |
_aMX-MxUPN _bspa _cMX-MxUPN |
||
| 049 | _aCG | ||
| 050 | 4 |
_aHF5726 _bB3.7 1988 |
|
| 100 | 1 |
_aBalcárcel, Celia _932834 |
|
| 245 | 1 | 0 |
_aInglés comercial : _bprimer curso / _cCelia Balcárcel. |
| 250 | _a25a ed. | ||
| 260 |
_aMéxico : _bEca, _c1988. |
||
| 300 | _a187 p. | ||
| 650 | 4 | _aINGLES COMERCIAL | |
| 905 | _aLibro | ||
| 999 |
_c31283 _d31283 |
||